| Tag |
First Indicator |
Second Indicator |
Subfields |
| LEADER |
00000cam a2200000 4500 |
| 001 |
in00000023376 |
| 005 |
20151007064413.0 |
| 008 |
750723s1948 nju b 00000 eng u |
| 010 |
|
|
|a 48007811
|
| 035 |
|
|
|a (OCoLC)01471548
|
| 035 |
|
|
|9 AAD9757AM
|
| 040 |
|
|
|c FQG
|d TXA
|d UtOrBLW
|
| 049 |
|
|
|a TXAM
|c 1 [158221]
|
| 050 |
0 |
0 |
|a QC151
|b .C6
|
| 082 |
0 |
|
|a 532.5
|
| 092 |
|
|
|a 532.5
|b C689u
|
| 100 |
1 |
|
|a Cole, R. H.
|q (Robert Hugh),
|d 1914-
|
| 245 |
1 |
0 |
|a Underwater explosions.
|
| 264 |
|
1 |
|a Princeton :
|b Princeton Univ. Press,
|c 1948.
|
| 300 |
|
|
|a ix, 437 pages :
|b illustrations ;
|c 24 cm.
|
| 336 |
|
|
|a text
|b txt
|2 rdacontent
|
| 337 |
|
|
|a unmediated
|b n
|2 rdamedia
|
| 338 |
|
|
|a volume
|b nc
|2 rdacarrier
|
| 504 |
|
|
|a Bibliography: pages 427-432.
|
| 650 |
|
0 |
|a Hydrodynamics.
|
| 650 |
|
0 |
|a Explosions.
|
| 650 |
|
0 |
|a Waves.
|
| 999 |
|
|
|a MARS
|
| 999 |
f |
f |
|s aca390c5-eef9-3794-b878-da0731bb48a2
|i 703e4458-bb4e-30bc-aa50-d55f81b07688
|t 0
|
| 952 |
f |
f |
|p normal
|a Texas A&M University
|b College Station
|c Sterling C. Evans Library
|s Evans stk
|d Evans: Library Stacks
|t 0
|e QC151 .C6
|h Library of Congress classification
|i unmediated -- volume
|m A14800914719
|
| 998 |
f |
f |
|a QC151 .C6
|t 0
|l Evans: Library Stacks
|